QUEST Central Library Banner

Engineering Mechanics Static & Dynamic (Record no. 67109)

MARC details
000 -LEADER
fixed length control field 00281nam a22001217a 4500
082 ## - DEWEY DECIMAL CLASSIFICATION NUMBER
Classification number HIB
100 ## - MAIN ENTRY--AUTHOR NAME
Personal name Hibbler, R.C
245 ## - TITLE STATEMENT
Title Engineering Mechanics Static & Dynamic
250 ## - EDITION STATEMENT
Edition statement 7th Edition
260 ## - PUBLICATION, DISTRIBUTION, ETC. (IMPRINT)
Place of publication Delhi
Name of publisher Delhi institute of Technology
300 ## - PHYSICAL DESCRIPTION
Number of Pages 838p
942 ## - ADDED ENTRY ELEMENTS (KOHA)
Koha item type Books
Holdings
Withdrawn status Lost status Home library Current library Date acquired Full call number Accession Number Koha item type
    Central Library, QUEST, Nawabshah Central Library, QUEST, Nawabshah 09/08/2021 HIB D2017 Books

Copyright © 2018,The QUEST, Nawabshah, Shaheed Benazirabad. All rights reserved
Mr. G. Farooq Channar (Librarian) QUEST, Nawabshah, Sindh, Pakistan 67480.
 Ph#: |   0244-9370381-4 Ext. 2308   Email| lib@quest.edu.pk   Web|  http://www.quest.edu.pk